Imagine Dragons LOOM Album - All Songs - Statistics

General Stats
  • This quiz has been taken 136 times
    133 since last reset
  • The average score is 9 of 10
Answer Stats
# Song % Correct
1 Wake Up
95%
3 Eyes Closed
94%
10 Eyes Closed (feat. J Balvin)
94%
2 Nice to Meet You
92%
4 Take Me to the Beach
91%
8 Kid
87%
6 God's Don't Pray
86%
9 Fire in These Hills
84%
7 Don't Forget Me
83%
5 In Your Corner
83%
No matching quizzes found
Score Distribution
Percent of People with Each Score
Percentile by Number Answered
Your Score History
You have not taken this quiz since the last reset